L'abbé (Record no. 165003)
[ view plain ]
| 000 -LEADER | |
|---|---|
| campo de control de longitud fija | 00984nam a22002415i 4500 |
| 001 - NÚMERO DE CONTROL | |
| campo de control | 165003 |
| 003 - IDENTIFICADOR DE NÚMERO DE CONTROL | |
| campo de control | ES-MaACL |
| 005 - FECHA Y HORA DE LA ÚLTIMA TRANSACCIÓN | |
| campo de control | 20260629130409.0 |
| 008 - DATOS DE LONGITUD FIJA--INFORMACIÓN GENERAL | |
| campo de control de longitud fija | 010425s1840 fr a |||| | fre d |
| 040 ## - FUENTE DE CATALOGACIÓN | |
| Centro catalogador/agencia de origen | CAM |
| Lengua de catalogación | spa |
| Centro/agencia transcriptor | CAM |
| 100 1# - ENTRADA PRINCIPAL--NOMBRE DE PERSONA | |
| Nombre de persona | Scott, Walter, |
| Títulos y otros términos asociados al nombre | Sir, |
| Fechas asociadas al nombre | 1771-1832 |
| 9 (RLIN) | 104957 |
| 245 12 - MENCIÓN DEL TÍTULO | |
| Título | L'abbé |
| Resto del título | ; Anne de Geierstein / |
| Mención de responsabilidad, etc. | Walter Scott ; trauduction nouvelle par Albert Montémont ; revue et corrigée d'après la dernière édition d'Edimbourg et continuée par Barré. |
| 260 ## - PUBLICACIÓN, DISTRIBUCIÓN, ETC. | |
| Lugar de publicación, distribución, etc. | Paris : |
| Nombre del editor, distribuidor, etc. | Typographie de Firmin Didot frères imprimeurs-libraires, |
| Fecha de publicación, distribución, etc. | 1840. |
| 300 ## - DESCRIPCIÓN FÍSICA | |
| Extensión | 279, 315 p., [4] h. de lám. ; |
| Dimensiones | 22 cm. |
| 490 1# - MENCIÓN DE SERIE | |
| Mención de serie | Oeuvres de Walter Scott ; |
| Designación de volumen o secuencia | 7 |
| 599 ## - NOTA A LAS ILUSTRACIONES | |
| NOTA A LAS ILUSTRACIONES | Las h. de lám. grab.: "F.A. Pernot del. ..." |
| 700 1# - ENTRADA AGREGADA--NOMBRE PERSONAL | |
| Nombre de persona | Montémont, Albert. |
| 9 (RLIN) | 130122 |
| 700 1# - ENTRADA AGREGADA--NOMBRE PERSONAL | |
| Nombre de persona | Barré, Louis, |
| Fechas asociadas al nombre | 1799-1857 |
| 9 (RLIN) | 25873 |
| 740 01 - ENTRADA AGREGADA--TÍTULO RELACIONADO/ANALÍTICO NO CONTROLADO | |
| Título relacionado o analítico no controlado | Anne de Geierstein. |
| 830 0# - PUNTO DE ACCESO ADICIONAL DE SERIE-TÍTULO UNIFORME | |
| Título uniforme | Oeuvres de Walter Scott ; |
| Designación de volumen o secuencia | 7 |
| 9 (RLIN) | 188527 |
| 852 ## - LOCALIZACIÓN | |
| Ubicación | ES-MaACL |
| Número de control de estantería | G-8193 |
| Nota libre | -- Enc. hol. |
| Estatus retirado | Estado de pérdida | Estado de daño | No para préstamo | Colección | Biblioteca de origen | Biblioteca actual | Ubicación en estantería | Fecha de adquisición | Fuente de adquisición | Total de préstamos | Signatura topográfica completa | Código de barras | Visto por última vez | Precio de reemplazo | Tipo de ítem Koha |
|---|---|---|---|---|---|---|---|---|---|---|---|---|---|---|---|
| Libros del s. XIX | Biblioteca del Ateneo de Madrid | Biblioteca del Ateneo de Madrid | Sala Pecera Planta 3 | 17/01/2008 | G-8193 | 1172973 | 23/02/2023 | 23/02/2023 | Libro impreso antiguo |
